Vigotsky en el aula... ¿quién diría?
Saved in:
| Hovedforfatter: | |
|---|---|
| Format: | Bog |
| Sprog: | spansk |
| Udgivet: |
Buenos Aires
San Benito
2003
|
| Udgivelse: | 1a. ed |
| Serier: | En el Aula, 12
|
| Fag: | |
| Tags: |
Tilføj Tag
Ingen Tags, Vær først til at tagge denne postø!
|
MARC
| LEADER | 00000nam a2200000 a 4500 | ||
|---|---|---|---|
| 001 | UCL9596 | ||
| 003 | CL-VaPUC | ||
| 008 | 040813e20030000AG |||||||||||||||||spa|d | ||
| 020 | |a 9871007639 | ||
| 082 | 0 | 4 | |a 370.152 |b ANT |2 21 |
| 100 | |a Antunes, Celso A |e author |9 451897 | ||
| 245 | 1 | 0 | |a Vigotsky en el aula... ¿quién diría? |
| 250 | |a 1a. ed | ||
| 300 | |a 54 p | ||
| 942 | |c BK | ||
| 945 | |d 20040813 00:00:00 |a cmena | ||
| 260 | |a Buenos Aires |b San Benito |c 2003 | ||
| 650 | 0 | |a Métodos de enseñanza |9 270413 | |
| 650 | 0 | |a Psicología educacional |9 307830 | |
| 650 | 0 | |a Rol del docente |9 329733 | |
| 650 | 0 | |a Desarrollo mental |9 313003 | |
| 650 | 0 | |a Innovaciones pedagógicas |9 307471 | |
| 650 | 0 | |a Educación básica |9 224933 | |
| 583 | |a last modification |c 20040813 00:00:00 |k Rodrigo Vera | ||
| 490 | 0 | |a En el Aula, 12 | |
| 999 | |c 310336 |d 310334 | ||
| 952 | |0 0 |1 0 |4 0 |6 370_152000000000000_ANT_2003 |7 0 |8 A |9 378644 |a BIBEDU |b BIBEDU |d 2019-11-21 |i 404777K |o 370.152 ANT 2003 |p 404777K |r 2019-11-21 |w 2019-11-21 |y BK |k EPE | ||